000
00320nam a2200145Ia 4500
008
191201s2005 xx 000 0 und d
082
_a
621.9
_b
DOT
100
_a
DONALDSON, Cyrie
245
0
_a
Tool Design
250
_a
3rd
260
_a
N.Delhi
_b
TMH
_c
2005
300
_a
981
650
_a
B.Tech(ME)
942
_2
ddc
_c
BK
999
_c
1908
_d
1908